000 00752nam a2200169 i 4500
001 161274
003 ES-MaACL
005 20230906212235.0
008 011015s1872 sp |||| | spa d
080 _a061.22(460.27 M.)
100 1 _aPalacio y Trujillo, José del.
_9130781
245 1 0 _aAteneo del Ejército y Armada :
_bdiscurso pronunciado el día 19 de octubre de 1872, con motivo de la apertura de sus cátedras /
_cpor el socio fundador D. José del Palacio y Trujillo.
260 _aMadrid :
_b[s.n.],
_c1872 (
_fEstab. Tip. de P. Abienzo)
300 _a13 p. ;
_c24 cm.
610 2 4 _aAteneo del Ejército y de la Armada (Madrid)
_9134158
852 4 _aES-MaACL
_jT-144-F-3
_z- Enc. hol., falto de cub. original
_z- Enc. en un vol. facticio
999 _c161274
_d161274